Účtovníctvo bánk a niektorých finančných inštitúcií od roku 2003
Opatrenie Ministerstva financií SR z 13.11.2002, ktorým sa ustanovujú podrobnosti o postupoch účtovania a rámcovej účtovej osnove pre banky a finančné inštitúcie, v súlade so zákonom č. 431/2002 o účtovníctve. Oblasti, ktorých sa týkajú zmeny v oblasti účtovania: rámcová účtovná osnova, deň uskutočn...
Salvato in:
| Autore principale: | |
|---|---|
| Natura: | Capitolo di libro |
| Lingua: | slovacco |
| Soggetti: | |
| Tags: |
Nessun Tag, puoi essere il primo ad aggiungerne!!
|
MARC
| LEADER | 00000naa a2200000 4500 | ||
|---|---|---|---|
| 001 | r048782 | ||
| 005 | 20220729111038.8 | ||
| 041 | 0 | |a slo | |
| 044 | |a SK | ||
| 245 | 1 | 0 | |a Účtovníctvo bánk a niektorých finančných inštitúcií od roku 2003 |c Dagmar Andrášiková |
| 520 | |a Opatrenie Ministerstva financií SR z 13.11.2002, ktorým sa ustanovujú podrobnosti o postupoch účtovania a rámcovej účtovej osnove pre banky a finančné inštitúcie, v súlade so zákonom č. 431/2002 o účtovníctve. Oblasti, ktorých sa týkajú zmeny v oblasti účtovania: rámcová účtovná osnova, deň uskutočnenia účtovného prípadu, účtovanie úrokových nákladov a výnosov, účtovanie podielov na základnom imaní obchodných spoločností, účtovanie kurzových rozdielov, účtovanie dane z príjmov. Opravné položky. Pokračovanie v budúcom čísle. | ||
| 610 | 2 | 0 | |a účtovníctvo |
| 610 | 2 | 0 | |a účtovníctvo bankové |
| 610 | 2 | 0 | |a účtovníctvo medzinárodné |
| 610 | 2 | 0 | |a účtovanie |
| 610 | 2 | 0 | |a osnova účtová |
| 610 | 2 | 0 | |a výnosy |
| 610 | 2 | 0 | |a náklady |
| 610 | 2 | 0 | |a imanie základné |
| 610 | 2 | 0 | |a položky opravné |
| 610 | 2 | 0 | |a rozdiely kurzové |
| 610 | 2 | 0 | |a dane z príjmov |
| 610 | 2 | 0 | |a IAS |
| 610 | 2 | 0 | |a opatrenia |
| 610 | 2 | 0 | |a zákony |
| 610 | 2 | 0 | |a úrok |
| 610 | 2 | 0 | |a banky |
| 610 | 2 | 0 | |a spoločnosti finančné |
| 100 | 1 | |a Andrášiková, Dagmar | |